Handbook of Effective Management : (Record no. 2761)
[ view plain ]
| 000 -LEADER | |
|---|---|
| fixed length control field | 01109nac a22002291u 4500 |
| 008 - FIXED-LENGTH DATA ELEMENTS--GENERAL INFORMATION | |
| fixed length control field | 100919t xxu||||| |||| 00| 0 eng d |
| 010 ## - LIBRARY OF CONGRESS CONTROL NUMBER | |
| LC control number | 2006004352 |
| 020 ## - INTERNATIONAL STANDARD BOOK NUMBER | |
| International Standard Book Number | 0899309232 (alk. paper) |
| 082 00 - DEWEY DECIMAL CLASSIFICATION NUMBER | |
| Classification number | 658.4 |
| Item number | HUF |
| 100 ## - MAIN ENTRY--PERSONAL NAME | |
| Personal name | Huffmire, Donald W., |
| 9 (RLIN) | 19426 |
| 245 10 - TITLE STATEMENT | |
| Title | Handbook of Effective Management : |
| Remainder of title | How to Manage or Supervise Strategically / |
| Statement of responsibility, etc | Donald W. Huffmire with Jane D. Holmes. |
| 260 ## - PUBLICATION, DISTRIBUTION, ETC. (IMPRINT) | |
| Place of publication, distribution, etc | Westport, CT : |
| Name of publisher, distributor, etc | Praeger Publishers,2006 |
| Date of publication, distribution, etc | 2006. |
| 300 ## - PHYSICAL DESCRIPTION | |
| Extent | xiv, 165 p. ; |
| Dimensions | 24 cm. |
| 504 ## - BIBLIOGRAPHY, ETC. NOTE | |
| Bibliography, etc | Includes bibliographical references (p. [159]-161) and index. |
| 650 #0 - SUBJECT ADDED ENTRY--TOPICAL TERM | |
| Topical term or geographic name as entry element | Industrial management |
| Form subdivision | Handbooks, manuals, etc. |
| 9 (RLIN) | 19427 |
| 650 #0 - SUBJECT ADDED ENTRY--TOPICAL TERM | |
| Topical term or geographic name as entry element | Management |
| Form subdivision | Handbooks, manuals, etc. |
| 9 (RLIN) | 19428 |
| 650 #0 - SUBJECT ADDED ENTRY--TOPICAL TERM | |
| Topical term or geographic name as entry element | Strategic planning |
| Form subdivision | Handbooks, manuals, etc. |
| 9 (RLIN) | 19429 |
| 700 1# - ADDED ENTRY--PERSONAL NAME | |
| Personal name | Holmes, Jane D., |
| Dates associated with a name | 1932- |
| 9 (RLIN) | 19430 |
| 856 41 - ELECTRONIC LOCATION AND ACCESS | |
| Materials specified | Table of contents only |
| Uniform Resource Identifier | <a href="http://www.loc.gov/catdir/toc/ecip068/2006004352.html">http://www.loc.gov/catdir/toc/ecip068/2006004352.html</a> |
| 942 ## - ADDED ENTRY ELEMENTS (KOHA) | |
| Item type | Book - Borrowing |
| Call number prefix | 658.4HUF |
| Source of classification or shelving scheme | Dewey Decimal Classification |
| Withdrawn status | Item status | Source of classification or shelving scheme | Damaged status | Not for loan | Home library | Current library | Shelving location | Date acquired | Source of acquisition | Cost, normal purchase price | Total Checkouts | Total Renewals | Full call number | Barcode | Date last seen | Date last borrowed | Cost, replacement price | Koha item type |
|---|---|---|---|---|---|---|---|---|---|---|---|---|---|---|---|---|---|---|
| Dewey Decimal Classification | Central Library | Central Library | First floor | 05/03/2007 | Purchase | 415.00 | 9 | 3 | 658.4 HUF | 000001527 | 15/07/2025 | 03/12/2012 | 518.75 | Book - Borrowing |